Palm-based process aid as an alternative to naphthenic oil for deproteinised natural rubber compounding (Record no. 74914)

MARC details
000 -LEADER
fixed length control field 02221nam a22001937a 4500
100 ## - MAIN ENTRY--AUTHOR NAME
Personal name Mohd-Hanif, H
245 ## - TITLE STATEMENT
Title Palm-based process aid as an alternative to naphthenic oil for deproteinised natural rubber compounding
260 ## - PUBLICATION, DISTRIBUTION, ETC. (IMPRINT)
Name of publisher Journal of Rubber Research, 25(4): 299-311
Year of publication 2022
520 ## - SUMMARY, ETC.
Summary, etc This study evaluates the effects of an eco-friendly, safe and sustainable bio-based process aid (BIO) that was synthesised from palm oil derivatives as an alternative to commercial petroleum-based naphthenic oil (CO) for deproteinised natural rubber (DPNR) compounding. Results revealed that the use of BIO improves the processability of rubber during compounding. Tensile properties of composites were comparable to each other. Interestingly, the use of the palm-based plasticiser caused an increase in hardness and higher compression sets of DPNR composites compared to DPNR composites with CO. Ageing study suggests that BIO-DPNR composites have better elastomeric property due to lower compression sets compared to CO-DPNR composites. Fourier transform infrared (FTIR) spectra exhibited attenuated peaks at 3400–3100, 1539, and 838 cm−1 of all aged composites. Thermogravimetric analysis (TGA) showed that all composites have one degradation stage between 200 and 450 °C and the thermal stability of BIO-DPNR composites was comparable to the control and CO-DPNR composites. Transmission electron microscopy (TEM) micrograph demonstrated that BIO-DPNR composites have a more homogenous distribution of carbon black with smaller agglomerates. The findings of this study show the potential of BIO as an alternative to naphthenic oil for deproteinised natural rubber compounding. The produced BIO-DPNR composite could also emerge as a new green material that is more environmental friendly, sustainable and safe for various applications, particularly where ageing properties are essential such as engineering and automotive products.
650 ## - SUBJECT ADDED ENTRY--TOPICAL TERM
Topical Term Bio-based
650 ## - SUBJECT ADDED ENTRY--TOPICAL TERM
Topical Term Deproteinised natural rubber
650 ## - SUBJECT ADDED ENTRY--TOPICAL TERM
Topical Term Palm oil
650 ## - SUBJECT ADDED ENTRY--TOPICAL TERM
Topical Term Process aid
650 ## - SUBJECT ADDED ENTRY--TOPICAL TERM
Topical Term Petroleum-based process oil
700 ## - ADDED ENTRY--PERSONAL NAME
Personal name Yong,K.C
700 ## - ADDED ENTRY--PERSONAL NAME
Personal name Lee, S.Y
856 ## - ELECTRONIC LOCATION AND ACCESS
Uniform Resource Identifier https://doi.org/10.1007/s42464-022-00171-6
942 ## - ADDED ENTRY ELEMENTS (KOHA)
Koha item type Journals
Holdings
Withdrawn status Lost status Damaged status Not for loan Home library Current library Date acquired Koha item type
        RRII Library RRII Library 28/12/2022 Journals